Statistiken für Duell um die Welt Länder

Klicken Sie hier um das Quiz zu spielen!

Allgemein

  • Dieses Quiz wurde 144 mal gespielt
  • Das Durchschnittsergebnis liegt bei 58 aus 80

Antwortstatistiken

Joko/KlaasAntwortAusgabe% Korrekt
JokoIndien / USA9
97%
JokoUSA7
95%
JokoUSA4
95%
JokoUSA11 (Finale)
95%
KlaasUSA11 (Finale)
95%
KlaasUSA12
95%
JokoUSA2
95%
JokoUSA10
95%
JokoUSA2
95%
JokoUSA1
95%
JokoUSA6
95%
JokoUSA11
95%
JokoChina12
93%
KlaasChina1
93%
KlaasChina5
93%
KlaasChina4
93%
KlaasChina7
93%
KlaasHong Kong / Macau2
93%
KlaasJapan1
93%
JokoFrankreich5
90%
JokoRussland9
90%
KlaasRussland4
90%
KlaasRussland1
90%
JokoRussland7
90%
JokoSchweden7
89%
KlaasBrasilien13
88%
JokoBrasilien3
88%
JokoKanada3
86%
JokoKanada5
86%
JokoMexiko1
86%
JokoPolen12
86%
KlaasIndien5
85%
KlaasIndien2
85%
KlaasIndien7
85%
KlaasNorwegen13
85%
KlaasAustralien3
84%
KlaasItalien12
84%
JokoÖsterreich13
84%
JokoÖsterreich4
84%
JokoÖsterreich5
84%
JokoSchweiz8
83%
KlaasFinnland6
82%
JokoVereinigtes Königreich / England10
82%
JokoVereinigtes Königreich / England1
82%
JokoVereinigtes Königreich / England6
82%
JokoSüdafrika3
80%
JokoGrönland9 (Finale)
75%
KlaasGrönland9 (Finale)
75%
KlaasNeuseeland3
75%
KlaasIndonesien8
70%
KlaasKolumbien7
70%
JokoVereinigtes Königreich / Schottland13
70%
JokoÄgypten8
69%
KlaasThailand1
69%
KlaasThailand11
69%
KlaasSüdkorea2
66%
KlaasJamaika6 (Finale)
57%
JokoJamaika6 (Finale)
57%
JokoJamaika1
57%
JokoKroatien13 (Finale)
57%
KlaasKroatien13 (Finale)
57%
KlaasKroatien10 (Finale)
57%
JokoKroatien10 (Finale)
57%
KlaasUngarn9
54%
KlaasVenezuela11
53%
KlaasVenezuela8
53%
KlaasVenezuela10
53%
KlaasPhilippinen9
50%
KlaasBolivien10
49%
KlaasMalaysia2
45%
JokoNepal12 (Finale)
41%
KlaasNepal12 (Finale)
41%
JokoEcuador2
34%
JokoEcuador11
34%
KlaasBosnien und Herzegowina4
29%
KlaasBahamas6
23%
JokoBelize2
21%
JokoÄthiopien4
17%
KlaasVanuatu3
16%
KlaasVanuatu5
16%

Verteilung der Resultate

Perzentil nach korrekt beantworteten Fragen

Anzahl Personen mit jedem Resultat

Ihre Resultats-Entwicklung

Sie haben dieses Quiz noch nicht gespielt